Pulp Fiction Quotes Quiz Stats

 Plays Quiz Updated Oct 14, 2019

Score 0/12 Timer 04:00
0 Plays Today
% Correct
vengeance and furious anger...
94.2%
Now I wanna dance,
93.9%
I give the watch to you.
93.3%
Did you notice a sign?
90.5%
Zed's dead, baby.
85.5%
That's pride.
83.8%
Nobody ever robs restaurants.
83.4%
EXECUTE him!
82.2%
You ever given a foot massage?
81.8%
I'm sorry,
79%
Whose motorcycle is this?
78.9%
You're... Jimmie, right?
74.8%

You're not logged in!

Compare scores with friends on all Sporcle quizzes.
OR
Log In

Sporcle TV

Today on Sporcle TV


Watch our educational content, quiz creation guides, and fun videos on Sporcle TV.

Show Comments

Extras

Top Quizzes Today


Score Distribution

Your Account Isn't Verified!

In order to create a playlist on Sporcle, you need to verify the email address you used during registration. Go to your Sporcle Settings to finish the process.

Report this User

Report this user for behavior that violates our Community Guidelines.

Details: